| 000 | 00427nam a2200169 a 4500 | ||
|---|---|---|---|
| 001 | 17265 | ||
| 005 | 20180713210401.0 | ||
| 008 | 140415s1986 mx 000 0 spa d | ||
| 041 | _aspa | ||
| 082 |
_a551.6 _bGAR |
||
| 100 | 1 | _aGARCIA DE MIRANDA, ENRIQUETA | |
| 245 | 1 | 0 | _aAPUNTES DE CLIMATOLOGIA |
| 250 | _a5A ED. | ||
| 260 |
_aMEXICO : _bOFFSET LARIOS, _c1986 |
||
| 300 | _a155 | ||
| 650 | 1 | 4 | _aCLIMATOLOGIA |
| 999 |
_c17265 _d17265 |
||